| 000 | 00659nam a2200181Ia 4500 | ||
|---|---|---|---|
| 008 | 151018s9999 xx 000 0 und d | ||
| 082 |
_bRBASDV7208 _a891.464 |
||
| 100 | _aश्री के क्षीरसागर | ||
| 245 | _aव्यक्ती आणि वाङमय | ||
| 250 | _b1 | ||
| 260 |
_bय गो जोशी प्रकाशन _c1937 |
||
| 300 | _a150 | ||
| 600 | _aश्री के क्षीरसागर | ||
| 630 | _aव्यक्ती आणि वाङमय | ||
| 700 | _aश्री के क्षीरसागर | ||
| 730 | _aव्यक्ती आणि वाङमय | ||
| 942 | _cBOOK | ||
| 999 |
_c1009577 _d1009574 |
||